000 00511cam a22002171 4500
001 sa 68011579
003 DLC
005 20260227112602.0
008 950206s1965 ii 000 1 tamo
010 _asa 68011579
025 _aPL480:I-T-2395
035 _a(OCoLC)31945357
040 _aDLC
_cCU
_dCU
_dDLC
042 _apremarc
050 0 0 _aPL4758.9.A33
_bC48 1965
100 0 _aAkilan̲,
_d1922-1988.
245 1 0 _aCinēkiti.
260 _c[1965]
300 _a160 p.
_c18 cm.
500 _aIn Tamil.
999 _c83985
_d83985